000 00336 a2200157 4500
001 62916
020 _a9788578883621
040 _cAnchieta - Pituba
100 _aDrummond, Regina
240 1 0 _aQuando tudo muda
_lpor
245 1 0 _aQuando tudo muda
300 _a224
362 0 _a2016
650 4 _aLiteratura juvenil
942 _cBK
999 _c62916
_d62916